000
00224 a2200109 4500
020
_a
9780670881505
041
_a
spa
100
_a
Anonimo
245
_a
A favourite treasury of childrens stories
942
_c
BK
952
_7
1
999
_c
18691
_d
18691